Управление организацией: учебник для вузов

書誌詳細
団体著者: Государственный университет управления (ГУУ)
その他の著者: Поршнев А. Г. (редактор), Румянцева З. П., Саломатин Н. А.
要約:Удостоен премии Правительства Российской Федерации в области образования.
Четвертое издание учебника «Управление организацией» подготовлено учеными Государственного университета управления. Введены изменения в структуру ряда глав, включены новые материалы, отражающие результаты последних научных исследований в области управления, а также опыт их практического использования в организациях. Для студентов, аспирантов, специалистов организаций, изучающих современные проблемы управления. Учебник окажет реальную помощь в учебе и работе по формированию систем управления, отвечающих требованиям динамично развивающейся экономики России.
言語:ロシア語
出版事項: Москва, Инфра-М, 2007
版:4-е изд., перераб. и доп.
シリーズ:Высшее образование
主題:
フォーマット: MixedMaterials 図書
KOHA link:https://koha.lib.tpu.ru/cgi-bin/koha/opac-detail.pl?biblionumber=108505

MARC

LEADER 00000nam0a2200000 4500
001 108505
005 20231101214814.0
010 |a 5160027688 
035 |a (RuTPU)RU\TPU\book\117137 
090 |a 108505 
100 |a 20070122d2007 m y0rusy50 ca 
101 0 |a rus 
102 |a RU 
105 |a a j 001zy 
200 1 |a Управление организацией  |e учебник для вузов  |f Государственный университет управления; под ред. А. Г. Поршнева, З. П. Румянцевой, Н. А. Саломатина 
205 |a 4-е изд., перераб. и доп. 
210 |a Москва  |c Инфра-М  |d 2007 
215 |a 736 с.  |c ил. 
225 1 |a Высшее образование 
300 |a Удостоен премии Правительства Российской Федерации в области образования. 
320 |a Библиография в конце разделов. 
330 |a Четвертое издание учебника «Управление организацией» подготовлено учеными Государственного университета управления. Введены изменения в структуру ряда глав, включены новые материалы, отражающие результаты последних научных исследований в области управления, а также опыт их практического использования в организациях. Для студентов, аспирантов, специалистов организаций, изучающих современные проблемы управления. Учебник окажет реальную помощь в учебе и работе по формированию систем управления, отвечающих требованиям динамично развивающейся экономики России. 
451 1 |0 (RuTPU)RU\TPU\book\23425  |y 5-86225-725-X  |t Управление организацией  |o учебник  |f Под ред. А. Г. Поршнева, З. П. Румянцевой, Н. А. Саломатина  |e 2-е изд., доп. и перераб.  |c М.  |n Инфра-М  |d 2000  |p 669 с.  |s Высшее образование 
606 1 |a Производственный менеджмент  |2 stltpush  |3 (RuTPU)RU\TPU\subj\68602  |9 83809 
610 1 |a экономика 
610 1 |a управление 
610 1 |a предприятия 
610 1 |a менеджмент 
610 1 |a менеджеры 
610 1 |a организационные системы 
610 1 |a принятие решений 
610 1 |a методы 
610 1 |a цели 
610 1 |a планы 
610 1 |a планирование 
610 1 |a организационная структура 
610 1 |a руководство 
610 1 |a лидерство 
610 1 |a персонал 
610 1 |a мотивации 
610 1 |a контроль 
610 1 |a стратегическое управление 
610 1 |a внешняя среда 
610 1 |a маркетинг 
610 1 |a стратегии 
610 1 |a реализация 
610 1 |a маркетинговые исследования 
610 1 |a маркетинговая информация 
610 1 |a маркетинговые технологии 
610 1 |a продукция 
610 1 |a сбыт 
610 1 |a инновационный менеджмент 
610 1 |a нововведения 
610 1 |a инновационные процессы 
610 1 |a инновационный потенциал 
610 1 |a SWOT-анализ 
610 1 |a проектное управление 
610 1 |a инновационная деятельность 
610 1 |a инвестиции 
610 1 |a кадры 
610 1 |a персонал-технологии 
610 1 |a кадровое планирование 
610 1 |a наем 
610 1 |a отбор 
610 1 |a вакансии 
610 1 |a деловая карьера 
610 1 |a продвижение 
610 1 |a конфликты 
610 1 |a финансовый менеджмент 
610 1 |a валовая прибыль 
610 1 |a оборотные средства 
610 1 |a производственные запасы 
610 1 |a незавершенное производство 
610 1 |a готовая продукция 
610 1 |a акционерные общества 
610 1 |a капитал 
610 1 |a прибыль 
610 1 |a фонды 
610 1 |a реестры 
610 1 |a ценные бумаги 
610 1 |a реорганизация 
610 1 |a ликвидация 
610 1 |a производство 
610 1 |a системные методы 
610 1 |a производственные программы 
610 1 |a оперативное управление 
610 1 |a информационное обеспечение 
610 1 |a автоматизированное управление 
610 1 |a виртуальная сетевая организация 
610 1 |a учебники 
686 |a У9(2)29-2я73  |v LBC/SL-A  |2 rubbk 
702 1 |a Поршнев  |b А. Г.  |4 340 
702 1 |a Румянцева  |b З. П.  |4 340 
702 1 |a Саломатин  |b Н. А.  |4 340 
712 0 2 |a Государственный университет управления (ГУУ)  |c Государственное образовательное учреждение Высшего профессионального образования  |c (Москва)  |c (1998- )  |2 stltpush  |3 (RuTPU)RU\TPU\col\23 
801 1 |a RU  |b 63413507  |c 20070122  |g PSBO 
801 2 |a RU  |b 63413507  |c 20210922  |g PSBO 
900 |a Менеджмент организации 
900 |a Основы делового администрирования 
900 |a Кадровое планирование 
942 |c BK 
952 |b 080507 
959 |a 3/20070122  |d 2  |e 134,90  |f АНЛ:1  |f НФ:1